The bird hotel : (Record no. 384667)
[ view plain ]
| 000 -LEADER | |
|---|---|
| fixed length control field | 01270pam a2200349 i 4500 |
| 001 - CONTROL NUMBER | |
| control field | zcodcb b7664356 |
| 005 - DATE AND TIME OF LATEST TRANSACTION | |
| control field | 20240726140623.0 |
| 007 - PHYSICAL DESCRIPTION FIXED FIELD--GENERAL INFORMATION | |
| fixed length control field | t|| |
| 008 - FIXED-LENGTH DATA ELEMENTS--GENERAL INFORMATION | |
| fixed length control field | 230227s2023 nyu e 000 1 eng d |
| 010 ## - LIBRARY OF CONGRESS CONTROL NUMBER | |
| LC control number | bl2023014862 |
| 020 ## - INTERNATIONAL STANDARD BOOK NUMBER | |
| International Standard Book Number | 9781956763737 |
| Qualifying information | hardcover |
| 020 ## - INTERNATIONAL STANDARD BOOK NUMBER | |
| International Standard Book Number | 1956763732 |
| 040 ## - CATALOGING SOURCE | |
| Original cataloging agency | NjBwBT |
| Language of cataloging | eng |
| Transcribing agency | NjBwBT |
| Description conventions | rda |
| Modifying agency | GCmBT |
| 043 ## - GEOGRAPHIC AREA CODE | |
| Geographic area code | nc----- |
| 092 ## - LOCALLY ASSIGNED DEWEY CALL NUMBER (OCLC) | |
| Classification number | Fiction |
| Item number | Maynard |
| 100 1# - MAIN ENTRY--PERSONAL NAME | |
| Personal name | Maynard, Joyce, |
| Dates associated with a name | 1953- |
| Relator term | author. |
| Relator code | aut. |
| 9 (RLIN) | 1728 |
| 245 14 - TITLE STATEMENT | |
| Title | The bird hotel : |
| Remainder of title | a novel / |
| Statement of responsibility, etc | Joyce Maynard. |
| 264 #1 - Production, Publication, Distribution, Manufacture, and Copyright Notice. | |
| Place of production, publication, distribution, manufacture | New York : |
| Name of producer, publisher, distributor, manufacturer | Arcade Publishing, |
| Date of production, publication, distribution, manufacture, or copyr | [2023] |
| 300 ## - PHYSICAL DESCRIPTION | |
| Extent | x, 404 pages ; |
| Dimensions | 24 cm. |
| 336 ## - Content Type | |
| Content type term | text |
| 337 ## - Media type | |
| Media type term | unmediated |
| 338 ## - Carrier type | |
| Carrier type term | volume |
| 520 ## - SUMMARY, ETC. | |
| Summary, etc | Deciding to restore and run a decaying lakefront hotel called La Llorona in a small Central American village, Irene, a troubled yet talented artist, meets a colorful cast of characters who change her life. |
| 650 #0 - SUBJECT ADDED ENTRY--TOPICAL TERM | |
| Topical term or geographic name as entry element | Women artists |
| Form subdivision | Fiction. |
| 9 (RLIN) | 5684422 |
| 650 #0 - SUBJECT ADDED ENTRY--TOPICAL TERM | |
| Topical term or geographic name as entry element | Hotels |
| Form subdivision | Fiction. |
| 9 (RLIN) | 5708294 |
| 650 #0 - SUBJECT ADDED ENTRY--TOPICAL TERM | |
| Topical term or geographic name as entry element | Villages |
| Form subdivision | Fiction. |
| 9 (RLIN) | 5724280 |
| 651 #0 - SUBJECT ADDED ENTRY--GEOGRAPHIC NAME | |
| Geographic name | Central America |
| Form subdivision | Fiction. |
| 9 (RLIN) | 5674916 |
| 655 #7 - INDEX TERM--GENRE/FORM | |
| Genre/form data or focus term | Magic realist fiction. |
| Source of term | lcgft. |
| 9 (RLIN) | 5777669 |
| 655 #7 - INDEX TERM--GENRE/FORM | |
| Genre/form data or focus term | Novels. |
| Source of term | lcgft. |
| 907 ## - LOCAL DATA ELEMENT G, LDG (RLIN) | |
| a | .b474821183 |
| 942 ## - ADDED ENTRY ELEMENTS (KOHA) | |
| Source of classification or shelving scheme | Dewey Decimal Classification |
| Koha item type | BOOK |
| Withdrawn status | Lost status | Source of classification or shelving scheme | Damaged status | Not for loan | Collection code | Home library | Current library | Shelving location | Date acquired | Source of acquisition | Total Checkouts | Total Renewals | Full call number | Barcode | Date last seen | Date checked out | Cost, replacement price | Price effective from | Koha item type |
|---|---|---|---|---|---|---|---|---|---|---|---|---|---|---|---|---|---|---|---|
| Dewey Decimal Classification | Fiction | Wasatch County Library | Wasatch County Library | First Floor | 05/25/2023 | Micromarketing | 6 | 5 | F Maynard | 34301002044172 | 09/07/2025 | 05/15/2025 | 29.99 | 05/25/2023 | BOOK |
